La colección Lázaro de Madrid (Record no. 5243)

MARC details
000 -CABECERA
campo de control de longitud fija 00815nam a2200265 a 4500
001 - NÚMERO DE CONTROL
campo de control BRCA_5549
005 - FECHA Y HORA DE LA ÚLTIMA TRANSACCIÓN
campo de control 20190320205127.0
008 - DATOS DE LONGITUD FIJA--INFORMACIÓN GENERAL
campo de control de longitud fija 280311s1927----sp-a######---#001-0#spa-#
041 ## - CÓDIGO DE LENGUA
Código de lengua del texto/banda sonora o título independiente spa
044 ## - CÓDIGO DEL PAÍS DE LA ENTIDAD EDITORA/PRODUCTORA
Código MARC del país sp
050 #4 - SIGNATURA TOPOGRÁFICA DE LA BIBLIOTECA DEL CONGRESO
Número de clasificación N5277
Número de documento/Ítem .L38
-- 1927
100 1# - ENTRADA PRINCIPAL--NOMBRE DE PERSONA
Nombre de persona Ruck, William
9 (RLIN) 14159
245 10 - MENCIÓN DE TÍTULO
Título La colección Lázaro de Madrid
Mención de responsabilidad, etc. William Ruck... [et al.].
260 ## - PUBLICACIÓN, DISTRIBUCIÓN, ETC.
Lugar de publicación, distribución, etc. Madrid
Nombre del editor, distribuidor, etc. La España Moderna
Fecha de publicación, distribución, etc. 1927
300 ## - DESCRIPCIÓN FÍSICA
Extensión 547 p.
Otras características físicas il., 1057 láminas
Dimensiones 25 cm.
500 ## - NOTA GENERAL
Nota general F25
500 ## - NOTA GENERAL
Nota general Ver también Y46 (1a. parte)
500 ## - NOTA GENERAL
Nota general Contiene índice temático
650 14 - PUNTO DE ACCESO ADICIONAL DE MATERIA--TÉRMINO DE MATERIA
Término de materia o nombre geográfico como elemento de entrada Artes decorativas
Subdivisión de forma Coleccionistas y colecciones
Subdivisión geográfica España
9 (RLIN) 14160
700 1# - PUNTO DE ACCESO ADICIONAL--NOMBRE DE PERSONA
Nombre de persona Berenson, Mary
Término indicativo de función/relación coaut.
9 (RLIN) 14161
700 1# - PUNTO DE ACCESO ADICIONAL--NOMBRE DE PERSONA
Nombre de persona Berenson, Bernard
Término indicativo de función/relación coaut.
9 (RLIN) 7754
700 1# - PUNTO DE ACCESO ADICIONAL--NOMBRE DE PERSONA
Nombre de persona Mayer, August L.
Término indicativo de función/relación coaut.
9 (RLIN) 14162
902 ## - CATALOGADOR
Iniciales GFM
942 ## - ELEMENTOS DE PUNTO DE ACCESO ADICIONAL (KOHA)
Fuente del sistema de clasificación o colocación Library of Congress Classification
Tipo de ítem Koha Libros
Holdings
Estado de retiro Estado de pérdida Estado dañado No para préstamo Localización permanente Ubicación/localización actual Fecha de adquisición Número de inventario Total de préstamos Signatura topográfica completa Código de barras Fecha visto por última vez Precio válido a partir de Tipo de ítem Koha
El ejemplar forma parte de la colección y puede ser consultado según las políticas vigentes.       Biblioteca del Museo Franz Mayer (Rogerio Casas-Alatriste) Biblioteca del Museo Franz Mayer (Rogerio Casas-Alatriste) 09/02/2011 F25   N5277 .L38 1927 (F25) 5985 22/03/2019 22/03/2019 Libros